000 00637nam a22002177a 4500
003 LK-CoMWRAF
005 20230909092656.0
008 230909b2001 |||||||| |||| 00| 0 eng d
020 _a9555820139
040 _aLK-CoMWRAF
_dLK-CoMWRAF
_eLK-CoMWRAF
041 _aeng
082 _a361.61
_bGUN
100 _aGunatilleke, Godfrey
245 _aThe Ethnic dimensions of socio-economic development
260 _aColombo :
_bMarga Institute,
_c2001
300 _aMarga 2001
490 _aMarga Monograph Series on Ethnic Reconciliation No. 10
650 _aSocial integration
650 _aEthnic relations - Sri Lanka
942 _cBK
999 _c3514
_d3514